000 01417cam a2200337Ii 4500
001 10904554
003 ARRUPE
005 20140908115031.0
008 131016s2013 nyu 000 0 eng d
020 _a9780062300454 (hc.)
020 _a0062300458 (hc.)
024 _a99959547916
035 _a(OCoLC)ocn860842144
035 _a(OCoLC)860842144
_z(OCoLC)841894845
_z(OCoLC)841910147
040 _aJAI
_cJAI
_dCO2
_dCGP
_dBTCTA
_dYDXCP
_dBDX
_dCNSAP
_dJAG
_dLE#
_dCDX
_dWCH
_dLNT
050 4 _aBV4501.3
_b.S667 2012
082 4 _a248.4
100 1 _aSpufford, Francis,
_d1964-
_911058
245 1 0 _aUnapologetic :
_bwhy, despite everything, Christianity can still make surprising emotional sense /
_cFrancis Spufford.
250 _aU.S. Edition.
260 _aLondon
_bFaber and Faber
_c2012
300 _axiii, 221 pages ;
_c22 cm.
505 0 _aUnapologetic -- The crack in everything -- Big Daddy -- Hello, cruel world -- Yeshua -- Et cetera -- The International League of the Guilty, part two -- Consequences.
520 _aUnapologetic is a brief, witty, personal, sharp-tongued defence of Christian belief, taking on Dawkins' 'The God delusion' and Christopher Hitchens' 'God is not great.'
650 0 _aChristian life.
_911059
650 0 _aFaith.
_911060
650 0 _aApologetics.
_911061
942 _2lcc
_cMONOGRAPH
948 1 _a20140905
_bc
_cas2107
_dMPS
980 _f884174
_o1
_s20.92
_tuts
_u4317B
999 _c120780
_d120780